Missing Middles Medley: R Quiz Stats

 Plays Quiz Updated Mar 17, 2016

Challenge
Share
Tweet
Embed
Score 0/35 Timer 04:00
0 Plays Today
% Correct
Red
94%
Riding
92.8%
Really
92.5%
Rotten
91.7%
Russell
91.5%
Real
90.4%
Raining
89.7%
Right
89.7%
Re
88.8%
Rush
88.6%
Rodham
87.9%
Royal
87.1%
Roman
86.3%
Rogers'
85.4%
Rock
82.8%
Remember
82.5%
Rockford
82.4%
Runs
81.6%
% Correct
Ray
81.5%
Razor's
81%
Rae
80.7%
Ron
77.9%
Run
75%
Rhythm
74.6%
Ragtime
74%
Rides
70.9%
Rillington
63.6%
Rice
62.5%
River
62.4%
Rat
58%
Rich
56.7%
Reid
53.4%
Ryan's
51.5%
Rocket
47.5%
Rider
26.7%

You're not logged in!

Compare scores with friends on all Sporcle quizzes.
OR
Log In

You Might Also Like...

Show Comments

Extras

Top Quizzes Today


Score Distribution

Your Account Isn't Verified!

In order to create a playlist on Sporcle, you need to verify the email address you used during registration. Go to your Sporcle Settings to finish the process.

Report this User

Report this user for behavior that violates our Community Guidelines.

Details: